The property management tool kit

Bibliographic Details
Main Author: Beirne, Mike
Format: Book
Language:English
Published: New York : Amacom , 2006
Subjects:

MARC

LEADER 00000cam a2200000 7i4500
001 0000020929
005 20090505.0
008 090402s nyu# eng
020 |a 9780814473511 ,   |c RM95.80 
040 |a INS 
090 0 0 |a HD1394.5.U6   |b B45 2006 
100 1 |a Beirne, Mike 
245 1 4 |a The property management tool kit   |c Mike Beirne 
260 |a New York :   |b Amacom ,   |c 2006 
300 |a xii, 322p. ;   |c 23 cm. 
500 |a Includes index 
650 0 0 |a Real estate investment   |z United States   |v Handbooks, manuals, etc. 
650 0 0 |a Real estate management. 
650 0 0 |a Real estate management   |z United States   |v Handbooks, manuals, etc. 
650 0 0 |a Rental housing   |z United States   |v Handbooks, manuals, etc. 
999 |a 0000019445   |b BOOK   |c Open Shelf   |e Default branch 
999 |a 0000020668   |b BOOK   |c Open Shelf   |e Default branch